Herecké protiklady

Bibliographic Details
Main Author: Vrábel, Robo (Author)
Format: Article
Language:Slovak
PhysicalDescription:Obr. 5.
Subjects:

MARC

LEADER 00000nab a2200000 a 4500
001 vtls000317429
003 SK-MaSNL
005 20260304081924.0
008 250424c1978 xo 0 slo
015 |a SNBRB19rr/mm-uuuuu 
035 |a CL0007521 
035 |a urn:nbn:sk:snk-abdn8o 
035 |a (urnnbn)urn:nbn:sk:snk:ar-0014a8 
035 |a (uuid)f539e938-b757-4399-a5cb-1af71b26762f 
040 |a SNKBUCL  |b slo  |c SNKBUCL  |e AACR2 
041 0 |a slo 
044 |a xo  |c SK 
080 |a 792  |2 1981 
080 |a 92 Stanková, Dobrinka  |2 1981 
100 1 |a Vrábel, Robo  |4 aut  |9 1331512 
245 1 0 |a Herecké protiklady  |c Robo Vrábel 
300 |b Obr. 5. 
650 0 7 |a Stanková, Dobrinka  |2 snkbucl  |9 1371081 
655 7 |a články z novín a časopisov  |2 snkbucl  |9 267496 
773 0 |t Film a divadlo  |g Roč. 22, č. 6 (1978), s. 8-9 
850 |a Slovenská národná knižnica 
852 |a Slovenská národná knižnica 
954 |a odborná, vedecká literatúra pôvodná (slovenská)  |2 lita 
958 |a article19 
958 |a OND 
958 |a RK 
958 |a EUIPO 
992 |a RBX 
999 |c 2792913  |d 2794843